[Event "Let's Play Chess!"]
[Site "http://www.queenalice.com/game.php?id=751127"]
[Date "2010.3.24"]
[Round "-"]
[White "MonsierVerdoux"]
[Black "Hagi"]
[Result "0-1"]
[WhiteElo "959"]
[BlackElo "1622"]

1. e4 e5 2. Nf3 Nf6 3. Nc3 d6 4. d4 Bd7 5. Bc4 a6 6. a4 Nc6 7. O-O exd4 8. Nxd4
Nxd4 9. Qxd4 Be7 10. Bf4 O-O 11. Rad1 c5 12. Qd3 Re8 13. Rfe1 Bg4 14. Rd2 Nh5
15. Nd5 Bf6 16. b3 Bd4 17. g3 Nf6 18. Nxf6+ Qxf6 19. b4 b6 20. c3 Be5 21. Bxe5
Rxe5 22. bxc5 bxc5 23. Re3 g6 24. f3 Bd7 25. f4 Ree8 26. Qxd6 Qxd6 27. Rxd6 Bxa4
28. Rxa6 Rxa6 29. Bxa6 Ra8 30. Bc4 Rb8 31. g4 Rb1+ 32. Kf2 Bd7 33. f5 Rb2+ 34.
Kg3 gxf5 35. gxf5 Rb6 36. Kf4 Rh6 37. h3 Bc6 38. Bd5 Bd7 39. e5 Rh4+ 40. Kg5 Ra4
41. e6 fxe6 42. fxe6 Be8 43. e7+ Kg7 44. Rg3 h6+ 45. Kf5+ Kh7 0-1

[Event "AUTO-OPEN-1925"]
[Site "http://www.queenalice.com/game.php?id=751418"]
[Date "2010.3.25"]
[Round "1"]
[White "portinari"]
[Black "MonsierVerdoux"]
[Result "1-0"]
[WhiteElo "1224"]
[BlackElo "1004"]

1. d4 d5 2. c4 e6 3. Nc3 Bb4 4. e3 Nf6 5. Nf3 Nc6 6. Bd3 O-O 7. O-O Re8 8. Bd2
a5 9. Qc2 h6 10. Rfc1 e5 11. cxd5 Nxd5 12. Nxd5 Qxd5 13. Bh7+ Kf8 14. Be4 Qd6
15. Bxc6 Qxc6 16. Qh7 Qd6 17. dxe5 Qd5 18. Rxc7 1-0

[Event "AUTO-OPEN-1925"]
[Site "http://www.queenalice.com/game.php?id=751419"]
[Date "2010.3.25"]
[Round "1"]
[White "MonsierVerdoux"]
[Black "portinari"]
[Result "0-1"]
[WhiteElo "1100"]
[BlackElo "1212"]

1. e4 e5 2. Nf3 Nc6 3. Nc3 Nf6 4. Bc4 Bc5 5. O-O d6 6. d3 Bg4 7. h3 Bh5 8. Nd5
Nxd5 9. Bxd5 Qc8 10. Qe1 Bxf3 11. Be3 Nd4 12. Bxd4 Bxd4 13. gxf3 c6 14. Bb3 Qxh3
15. Rd1 h5 16. f4 exf4 0-1

[Event "AUTO-OPEN-1925"]
[Site "http://www.queenalice.com/game.php?id=751442"]
[Date "2010.3.25"]
[Round "1"]
[White "henschel"]
[Black "MonsierVerdoux"]
[Result "1-0"]
[WhiteElo "1738"]
[BlackElo "959"]

1. g3 e5 2. e4 Nf6 3. Bg2 Nc6 4. Nc3 Bc5 5. d3 O-O 6. a3 a5 7. Bg5 h6 8. Bxf6
Qxf6 9. Qf3 Qg6 10. Qd1 b6 11. Nf3 Ba6 12. Nd5 d6 13. Nxc7 Ra7 14. Nd5 Nd4 15.
O-O Nxf3+ 16. Bxf3 1-0

[Event "AUTO-OPEN-1925"]
[Site "http://www.queenalice.com/game.php?id=751443"]
[Date "2010.3.25"]
[Round "1"]
[White "MonsierVerdoux"]
[Black "henschel"]
[Result "0-1"]
[WhiteElo "959"]
[BlackElo "1740"]

1. e4 e5 2. Nf3 d6 3. Bc4 Bg4 4. Nc3 Nf6 5. h3 Bh5 6. O-O a6 7. d4 exd4 8. Qxd4
Bxf3 9. gxf3 Qd7 10. e5 Nc6 11. Qd2 Nxe5 12. Re1 O-O-O 13. Qe3 Nxc4 14. Qd3 Ne5
15. Qe2 Qxh3 0-1

[Event "AUTO-OPEN-1925"]
[Site "http://www.queenalice.com/game.php?id=751458"]
[Date "2010.3.25"]
[Round "1"]
[White "MonsierVerdoux"]
[Black "ppeteleco"]
[Result "0-1"]
[WhiteElo "1100"]
[BlackElo "2228"]

1. e4 e6 2. d4 d5 3. Nc3 Bb4 4. Bd2 Ne7 5. Nf3 Bxc3 6. Bxc3 dxe4 7. Nd2 O-O 8.
Bc4 f5 9. Qe2 Nbc6 10. O-O-O a6 11. f3 Nxd4 12. Bxd4 Qxd4 13. fxe4 b5 14. Bb3
Qe5 15. Rhe1 c5 16. exf5 Qxe2 17. Rxe2 c4 18. Nxc4 bxc4 19. Bxc4 Nxf5 20. Bxe6+
Bxe6 21. Rxe6 Rfe8 22. Rxe8+ Rxe8 23. b4 Rb8 24. a3 Ne3 25. Rd6 Rc8 26. Rd2 Nc4
27. Rd3 Re8 28. a4 Re1+ 29. Rd1 Re2 30. Rd4 Ne3 31. b5 axb5 32. axb5 Rxc2+ 33.
Kb1 Rc5 34. Rd8+ Kf7 35. Rd7+ Kf6 36. Rb7 Nc4 37. b6 Rc6 38. Rc7 Rxb6+ 39. Ka2
Rb2+ 0-1

[Event "Challenge"]
[Site "http://www.queenalice.com/game.php?id=773118"]
[Date "2010.5.9"]
[Round "-"]
[White "MonsierVerdoux"]
[Black "ro_reinert"]
[Result "1-0"]
[WhiteElo "959"]
[BlackElo "946"]

1. e4 Nf6 2. Nc3 e5 3. Nf3 Bd6 4. Bd3 O-O 5. O-O c5 6. Bc4 Nc6 7. d3 a6 8. a4
Nb4 9. g3 Rb8 10. Re1 Re8 11. Nd5 b6 12. Nxb4 cxb4 13. d4 Qc7 14. Qd3 exd4 15.
Qxd4 Rxe4 16. Rxe4 Bc5 17. Bf4 Qb7 18. Qe5 d6 19. Qe8+ Nxe8 20. Rxe8# 1-0

[Event "Challenge"]
[Site "http://www.queenalice.com/game.php?id=773719"]
[Date "2010.5.10"]
[Round "-"]
[White "MonsierVerdoux"]
[Black "ro_reinert"]
[Result "1-0"]
[WhiteElo "1007"]
[BlackElo "925"]

1. e4 Nf6 2. Nc3 e5 3. Nf3 Bd6 4. Bc4 O-O 5. O-O Nc6 6. d4 exd4 7. Nxd4 Nxd4 8.
Qxd4 a6 9. e5 Re8 10. Re1 Bxe5 11. Rxe5 d6 12. Re2 b5 13. Bb3 Rxe2 14. Nxe2 Qe8
15. Qd3 c5 16. Bg5 Ng4 17. h3 Ne5 18. Qxd6 c4 19. Bf4 cxb3 20. cxb3 Nd3 21. Qxd3
f6 22. Qd5+ Kf8 23. Bd6+ Qe7 24. Bxe7+ Kxe7 25. Qxa8 Bf5 26. Qb7+ Kd6 27. Rd1+
Kc5 28. Qc7+ Kb4 29. Qc3# 1-0

[Event "Challenge"]
[Site "http://www.queenalice.com/game.php?id=773737"]
[Date "2010.5.10"]
[Round "-"]
[White "MonsierVerdoux"]
[Black "ro_reinert"]
[Result "1-0"]
[WhiteElo "1043"]
[BlackElo "908"]

1. e4 e5 2. Nf3 Nf6 3. d4 exd4 4. e5 c5 5. exf6 Nc6 6. Qe2+ Be7 7. Bg5 gxf6 8.
Bxf6 Rg8 9. Ne5 Bxf6 10. Nxc6+ Kf8 11. Nxd8 b6 12. Nd2 Bxd8 13. O-O-O a5 14. Ne4
Ba6 15. Qf3 Bxf1 16. Rhxf1 Rg7 17. Rfe1 Rc8 18. Nd6 Be7 19. Nxc8 Bd8 20. Qe4
Rxg2 21. Qxh7 Rxh2 22. Rh1 Rxh7 23. Rxh7 Kg8 24. Rh3 Kg7 25. Rg1+ Kf6 26. Rh6+
Ke5 27. Rg5+ Kf4 28. Rg7 f5 29. Rxd7 Kf3 30. Rxd8 Ke2 31. Re8+ Kxf2 32. Rf6 c4
33. Rxf5+ Kg2 34. Rg8+ Kh3 35. Rh5# 1-0

[Event "Challenge"]
[Site "http://www.queenalice.com/game.php?id=776704"]
[Date "2010.5.16"]
[Round "-"]
[White "MonsierVerdoux"]
[Black "vinoseco"]
[Result "0-1"]
[WhiteElo "1069"]
[BlackElo "926"]

1. e4 g6 2. d4 Bg7 3. Nf3 Nf6 4. Nc3 c6 5. Bf4 d6 6. Qe2 Qb6 7. e5 Qa6 8. Qxa6
bxa6 9. O-O-O c5 10. exd6 Nh5 11. g3 Nxf4 12. gxf4 e6 13. Bc4 Bh6 14. dxc5 Bxf4+
15. Kb1 Bb7 16. Rhe1 Bxf3 17. Rd3 Bc6 18. Ne4 Nd7 19. h3 Be5 20. Nf6+ Bxf6 21.
f4 a5 22. Rf3 Bxf3 0-1

[Event "Challenge"]
[Site "http://www.queenalice.com/game.php?id=778201"]
[Date "2010.5.19"]
[Round "-"]
[White "Legiao"]
[Black "MonsierVerdoux"]
[Result "0-1"]
[WhiteElo "1120"]
[BlackElo "1157"]

1. e4 e5 2. Qf3 Nf6 3. g4 h6 4. Bc4 d6 5. d4 Nbd7 6. Bb3 exd4 7. Nh3 d5 8. g5
hxg5 9. Nxg5 Nc5 10. Bxd5 Be6 11. Nxe6 fxe6 12. e5 Qxd5 13. Qxd5 Nxd5 14. b4 Ne4
15. f3 Bxb4+ 16. Kd1 Nf2+ 17. Ke2 Nxh1 18. f4 Nc3+ 19. Kd3 O-O-O 20. Bb2 Nf2+
21. Kd2 Nxb1+ 22. Kc1 Nc3 23. a3 Ne2+ 24. Kb1 d3 25. axb4 d2 26. Ka2 d1=Q 27.
Rxd1 Rxd1 28. b5 Rd2 29. Kb1 Rxh2 30. f5 Rh1+ 31. Ka2 Rxc2 32. fxe6 Nc3+ 33. Kb3
Re2 34. e7 Kd7 35. Bxc3 Rb1+ 36. Kc4 Rd1 37. Bb2 Rxb2 0-1

[Event "AUTO-OPEN-1983"]
[Site "http://www.queenalice.com/game.php?id=778353"]
[Date "2010.5.20"]
[Round "1"]
[White "deepblue2010"]
[Black "MonsierVerdoux"]
[Result "1-0"]
[WhiteElo "1952"]
[BlackElo "1107"]

1. e4 e5 2. Nf3 Nc6 3. Bb5 Nf6 4. O-O Bc5 5. Nxe5 Nxe5 6. d4 c6 7. Ba4 d6 8.
dxc5 dxc5 9. Qxd8+ Kxd8 10. Rd1+ Ke7 11. c3 Be6 12. Bc2 Rad8 13. Rxd8 Rxd8 14.
Bg5 h6 15. Bh4 g5 16. Bg3 Nxe4 17. Bxe5 b5 18. f3 Nd2 19. b3 f5 20. Bg3 a5 21.
Be1 Nxb1 22. Rxb1 b4 23. c4 g4 24. Bh4+ Ke8 25. Bxd8 Kxd8 26. Re1 Kd7 27. Re5
Kd6 28. f4 h5 29. Bxf5 Bxf5 30. Rxf5 h4 31. Rf6+ Kc7 32. Re6 Kd7 33. Re3 Kd6 34.
f5 1-0

[Event "AUTO-OPEN-1983"]
[Site "http://www.queenalice.com/game.php?id=778354"]
[Date "2010.5.20"]
[Round "1"]
[White "MonsierVerdoux"]
[Black "deepblue2010"]
[Result "0-1"]
[WhiteElo "1049"]
[BlackElo "1915"]

1. e4 c5 2. d3 d6 3. Nc3 Nf6 4. Nf3 Nc6 5. Bf4 e5 6. Be3 Be7 7. Be2 O-O 8. O-O
Re8 9. Nd5 Bf8 10. c3 h6 11. d4 exd4 12. cxd4 Nxe4 13. dxc5 dxc5 14. a3 Bg4 15.
b4 cxb4 16. axb4 Nxb4 17. h3 Nxd5 18. hxg4 Nec3 19. Qd3 Nxe2+ 20. Qxe2 Nxe3 21.
fxe3 Bc5 22. Kh1 Rxe3 0-1

[Event "AUTO-OPEN-1983"]
[Site "http://www.queenalice.com/game.php?id=778383"]
[Date "2010.5.20"]
[Round "1"]
[White "MonsierVerdoux"]
[Black "drose1"]
[Result "1-0"]
[WhiteElo "1150"]
[BlackElo "1273"]

1. e4 e5 2. Nf3 Nc6 3. Nc3 Nf6 4. Bb5 d6 5. O-O Bd7 6. d3 Be7 7. Bxc6 Bxc6 8.
Re1 O-O 9. Bg5 h6 10. Bxf6 Bxf6 11. d4 1-0

[Event "AUTO-OPEN-1983"]
[Site "http://www.queenalice.com/game.php?id=778384"]
[Date "2010.5.20"]
[Round "1"]
[White "drose1"]
[Black "MonsierVerdoux"]
[Result "0-1"]
[WhiteElo "1299"]
[BlackElo "1122"]

1. e4 e5 2. Nf3 Nc6 3. Bb5 Nf6 4. Nc3 Bb4 5. d3 O-O 6. Bxc6 bxc6 7. Bd2 d5 8.
Nxe5 Bxc3 9. Bxc3 dxe4 10. Nxc6 Qe8 11. Bxf6 gxf6 0-1

[Event "Challenge"]
[Site "http://www.queenalice.com/game.php?id=785084"]
[Date "2010.6.3"]
[Round "-"]
[White "MonsierVerdoux"]
[Black "vinoseco"]
[Result "1-0"]
[WhiteElo "1020"]
[BlackElo "973"]

1. e4 d5 2. d3 e6 3. Nf3 c6 4. Be2 Qb6 5. O-O Nh6 6. Bxh6 gxh6 7. Nc3 Qd8 8. Qd2
Rg8 9. g3 f5 10. Rfe1 dxe4 11. dxe4 Qb6 12. Rad1 Nd7 13. Bc4 Rg6 14. exf5 Rf6
15. fxe6 Rxf3 16. exd7+ Kd8 17. Re8+ Kc7 18. Qd6+ Bxd6 19. d8=Q+ Kb8 20. Qxc8#
1-0

[Event "Challenge"]
[Site "http://www.queenalice.com/game.php?id=785125"]
[Date "2010.6.3"]
[Round "-"]
[White "carlossaavedra"]
[Black "MonsierVerdoux"]
[Result "1-0"]
[WhiteElo "1538"]
[BlackElo "1107"]

1. e4 e5 2. Qh5 Nc6 3. Bc4 g6 4. Qf3 f6 5. c3 d6 6. d3 Na5 7. Bg5 Nxc4 8. Bxf6
Nxf6 9. dxc4 Be6 10. Nd2 Bh6 11. O-O-O Bxd2+ 12. Rxd2 Bxc4 13. Nh3 Qd7 14. Qxf6
Rf8 15. Qh4 c6 16. Ng5 Qe7 17. g3 O-O-O 18. Qh3+ Qd7 19. Qxd7+ Rxd7 20. b3 Bf7
21. Nxh7 Rfd8 22. Nf6 Re7 23. Rhd1 Re6 24. Ng4 g5 25. Ne3 Bg6 26. Nf5 d5 27. g4
Bxf5 28. exf5 Red6 29. b4 b6 30. f3 Kc7 31. a4 a5 32. bxa5 bxa5 33. Kc2 e4 34.
fxe4 dxe4 35. Rxd6 Rxd6 36. Rxd6 Kxd6 37. Kd2 Ke5 38. Ke3 c5 39. c4 Kf6 40. Kxe4
Kf7 41. Kd5 Ke7 42. Kxc5 Kf8 43. Kb6 Ke7 44. c5 Kd7 45. Kb7 Kd8 46. c6 1-0

[Event "Challenge"]
[Site "http://www.queenalice.com/game.php?id=787504"]
[Date "2010.6.9"]
[Round "-"]
[White "vinoseco"]
[Black "MonsierVerdoux"]
[Result "0-1"]
[WhiteElo "982"]
[BlackElo "1049"]

1. e3 e5 2. Nf3 Nc6 3. d4 Nf6 4. dxe5 Ne4 5. Bd3 d5 6. Bb5 Bd7 7. Qxd5 a6 8. Bc4
Be6 9. Qxe4 Bxc4 10. Qxc4 Qd7 11. Qb3 O-O-O 12. Qc4 Qd1# 0-1

[Event "Challenge"]
[Site "http://www.queenalice.com/game.php?id=791615"]
[Date "2010.6.17"]
[Round "-"]
[White "MonsierVerdoux"]
[Black "vinoseco"]
[Result "1-0"]
[WhiteElo "1107"]
[BlackElo "982"]

1. e4 d5 2. d3 f5 3. exf5 Bxf5 4. Nc3 e6 5. Nf3 Qf6 6. Bf4 d4 7. Ne4 Qd8 8. Be2
c6 9. O-O h6 10. c3 g5 11. Bd2 g4 12. Nxd4 Ke7 13. Bxg4 Bg6 14. Bxe6 c5 15. Nxc5
b6 16. Re1 bxc5 17. Bc4+ Kd7 18. Qg4+ Kd6 19. Bf4# 1-0

[Event "Challenge"]
[Site "http://www.queenalice.com/game.php?id=794354"]
[Date "2010.6.24"]
[Round "-"]
[White "vinoseco"]
[Black "MonsierVerdoux"]
[Result "1/2-1/2"]
[WhiteElo "1113"]
[BlackElo "1175"]

1. e3 e5 2. Nf3 Nc6 3. Bc4 Nf6 4. d3 Bc5 5. d4 exd4 6. exd4 Be7 7. Ne5 d5 8. Bb3
Bf5 9. Qf3 Nxd4 10. Ba4+ c6 11. Qc3 Nxc2+ 12. Bxc2 Bxc2 13. Qxc2 Bd6 14. f4 Qe7
15. O-O Bc5+ 16. Kh1 Bd4 17. Qd3 Bxe5 18. Re1 Ng4 19. fxe5 Nf2+ 20. Kg1 Nxd3 21.
Bd2 Nxe1 22. Bxe1 Qxe5 23. Bc3 Qe3+ 24. Kf1 O-O 25. Nd2 Qf4+ 26. Kg1 Rfe8 27.
Rf1 Qe3+ 28. Rf2 Qc5 29. Nb3 d4 30. Nxc5 dxc3 31. bxc3 Re1+ 32. Rf1 Re5 33. Nxb7
Rae8 34. Nd6 R8e6 35. Nxf7 Re1 36. Ng5 Rf6 37. Nf3 Rxf1+ 38. Kxf1 Rd6 39. Ke2 c5
40. g4 c4 41. Nd2 Rg6 42. h3 Rh6 43. Nxc4 Rxh3 44. Ne3 h5 45. c4 h4 46. c5 Rh1
47. Nd1 h3 48. c6 Rg1 49. c7 h2 50. c8=Q+ Kh7 51. Nf2 Rg2 52. Kf1 Rxf2+ 53. Kxf2
h1=Q 54. Qe8 Qh2+ 55. Kf3 Qh1+ 56. Kf4 Qf1+ 57. Kg5 Qc1+ 58. Kh4 Qh6+ 1/2-1/2

[Event "Challenge"]
[Site "http://www.queenalice.com/game.php?id=805107"]
[Date "2010.7.18"]
[Round "-"]
[White "MonsierVerdoux"]
[Black "vinoseco"]
[Result "0-1"]
[WhiteElo "1173"]
[BlackElo "1222"]

1. e4 e5 2. Nf3 d6 3. d4 f6 4. Nc3 Nc6 5. Be3 Nb4 6. a3 Nc6 7. Bb5 a6 8. Bxc6+
bxc6 9. O-O f5 10. Bg5 Qd7 11. dxe5 d5 12. exd5 c5 13. Re1 h6 14. e6 Qd6 15. Qe2
hxg5 16. Nxg5 Qxh2+ 0-1